Представление документа в формате MARC21

Поле Инд. ПП Название Значение
Тип записи a
Библиографический уровень b
001 Контрольный номер RU/IS/BASE/212499496
005 Дата корректировки 20220715140354.3
008 Кодируемые данные 20060925
040 b Код языка каталог. rus
e Правила каталог. PSBO
041 0_ a Код языка текста rus
084 a Индекс другой классификации/Индекс ББК 60.527; 60.524.258.1
100 1_ a Автор Казакова А. Ю.
q Полное имя Казакова Анна Юрьевна
245 10 a Заглавие Бомж в зеркале общественного мнения: знак оценки, интенсивность, искренность
504 a Библиография Библиогр. ссылки. - Примеч.
520 a Аннотация Изучение "социального дна" помимо трудностей, связанных с дефицитом статистики, равно как и научно-технического осмысления, содержит также трудности, связанные с ролью человеческого фактора и его влияния на качество социологической информации (искренность респондентов)
650 a Основная рубрика общественное мнение
a Основная рубрика социология
653 a Ключевые слова бродяги
a Ключевые слова лица без определенного местожительства (БОМЖ)
a Ключевые слова люмпены
a Ключевые слова маргиналы
a Ключевые слова Россия
a Ключевые слова социологические исследования
773 0_ t Заглавие источника Вестник Московского университета. Серия 18, Социология и политология
d Дата издания источника 2006
g Прочая информация № 3. - С. 76 - 87 : табл.
w Контрольный № источника RU/IS/BASE/211298150
901 t Тип документа b